Manual de código tributario
Saved in:
| Main Author: | |
|---|---|
| Format: | Book |
| Language: | Spanish |
| Published: |
Santiago
LexisNexis
2008
|
| Edition: | 6a. ed |
| Series: | Colección Manuales
|
| Subjects: | |
| Tags: |
Add Tag
No Tags, Be the first to tag this record!
|
MARC
| LEADER | 00000nam a2200000 a 4500 | ||
|---|---|---|---|
| 001 | UCI7284 | ||
| 003 | CL-VaPUC | ||
| 008 | 080619e20080000CL |||||||||||||||||spa|d | ||
| 020 | |a 9789562387477 | ||
| 082 | 0 | 4 | |a 343.8304 |b PER |2 21 |
| 100 | |a Pérez Rodrigo, Abundio |e autor |9 893196 | ||
| 245 | 1 | 0 | |a Manual de código tributario |
| 250 | |a 6a. ed | ||
| 300 | |a 462 p | ||
| 942 | |c BK | ||
| 945 | |d 20080619 00:00:00 |a jtorresc | ||
| 260 | |a Santiago |b LexisNexis |c 2008 | ||
| 650 | 0 | |a Código tributario |9 350428 | |
| 650 | 0 | |a Derecho tributario chileno |9 485061 | |
| 650 | 0 | |a Administración |9 259325 | |
| 650 | 0 | |a Fiscalización |9 257403 | |
| 650 | 0 | |a Contabilidad |9 261430 | |
| 650 | 7 | |a INTERESES |2 CL-VaPUC |9 358017 | |
| 650 | 7 | |a SANCIONES |2 CL-VaPUC |9 371891 | |
| 650 | 0 | |a Tribunales |9 254872 | |
| 583 | |a last modification |c 20080619 00:00:00 |k Rodrigo Vera | ||
| 490 | 0 | |a Colección Manuales | |
| 999 | |c 330607 |d 330605 | ||
| 952 | |0 0 |1 0 |4 0 |6 343_830400000000000_PER_2008 |7 0 |8 A |9 416230 |a BIBDER |b BIBDER |d 2019-11-22 |i 448147K |o 343.8304 PER 2008 |p 448147K |r 2023-01-25 |w 2019-11-22 |y BK |k DER | ||